A. WESLEY POWELL LEARNING RESOURCE CENTRE (WPLRC)

Wonderful Place to Learn, Research & Collaborate

Introduction to logic. (Record no. 2094)

MARC details
000 -LEADER
fixed length control field 01056cam a22003134a 4500
001 - ACCESSION NUMBER
control field 45880,45881,45879
003 - CONTROL NUMBER IDENTIFIER
control field OSt
005 - DATE AND TIME OF LATEST TRANSACTION
control field 20150116164312.0
008 - FIXED-LENGTH DATA ELEMENTS--GENERAL INFORMATION
fixed length control field 100917s2011 njua 001 0 eng
020 ## - INTERNATIONAL STANDARD BOOK NUMBER
International Standard Book Number 0205820379 (alk. paper)
020 ## - INTERNATIONAL STANDARD BOOK NUMBER
International Standard Book Number 9780205820375 (alk. paper)
035 ## - SYSTEM CONTROL NUMBER
System control number (OCoLC)ocn664519533
040 ## - CATALOGING SOURCE
Original cataloging agency DLC
Transcribing agency DLC
Modifying agency YDX
-- YDXCP
-- CDX
-- DLC
042 ## - AUTHENTICATION CODE
Authentication code pcc
050 00 - LIBRARY OF CONGRESS CALL NUMBER
Classification number BC108
Item number .C69 2011
082 00 - DEWEY DECIMAL CLASSIFICATION NUMBER
Classification number 160
Edition number 22
100 1# - MAIN ENTRY--PERSONAL NAME
Personal name Copi, Irving M.
245 10 - TITLE STATEMENT
Title Introduction to logic.
250 ## - EDITION STATEMENT
Edition statement 14th ed. /
Remainder of edition statement Irving M. Copi, Carl Cohen, Kenneth McMahon.
260 ## - PUBLICATION, DISTRIBUTION, ETC. (IMPRINT)
Place of publication, distribution, etc. Upper Saddle River, NJ :
Name of publisher, distributor, etc. Pearson Education,
Date of publication, distribution, etc. c2011.
300 ## - PHYSICAL DESCRIPTION
Extent xxii, 627 p. :
Other physical details ill. ;
Dimensions 27 cm.
500 ## - GENERAL NOTE
General note Includes index.
650 #0 - SUBJECT ADDED ENTRY--TOPICAL TERM
Topical term or geographic name as entry element Logic
Form subdivision Textbooks.
700 1# - ADDED ENTRY--PERSONAL NAME
Personal name Cohen, Carl,
Dates associated with a name 1931-
700 1# - ADDED ENTRY--PERSONAL NAME
Personal name McMahon, K. D.
Fuller form of name (Kenneth D.)
906 ## - LOCAL DATA ELEMENT F, LDF (RLIN)
a 7
b cbc
c orignew
d 1
e ecip
f 20
g y-gencatlg
942 ## - ADDED ENTRY ELEMENTS (KOHA)
Source of classification or shelving scheme Dewey Decimal Classification
Koha item type Books
Holdings
Withdrawn status Lost status Source of classification or shelving scheme Damaged status Not for loan Home library Current library Date acquired Total Checkouts Full call number Barcode Date last seen Price effective from Koha item type
    Dewey Decimal Classification   Staff Collection Wesley Powell Learning Resource Centre Wesley Powell Learning Resource Centre 01/16/2015   T/160 COP 45881 01/16/2015 01/16/2015 Books
    Dewey Decimal Classification   Not For Loan Wesley Powell Learning Resource Centre Wesley Powell Learning Resource Centre 01/16/2015   RBC/160 COP 45880 01/16/2015 01/16/2015 Books
    Dewey Decimal Classification     Wesley Powell Learning Resource Centre Wesley Powell Learning Resource Centre 01/16/2015   RBC/160 COP 45879 01/16/2015 01/16/2015 Books